| 000 | 00994nam a2200253Ia 4500 | ||
|---|---|---|---|
| 001 | 21600 | ||
| 005 | 20260416112401.0 | ||
| 008 | 260320s9999||||xx |||||||||||||| ||und|| | ||
| 020 | _a9972321673 | ||
| 041 | _aESP | ||
| 082 |
_a658.8 _bM84 |
||
| 100 |
_aMontesinos C., Jaime, _eAUT |
||
| 245 | 0 | _a27 leyes del marketing | |
| 250 | _aPrimera edición | ||
| 260 |
_aLima : _bEditora Palomino, _c2006 |
||
| 300 |
_a119 páginas : _c21 cm. |
||
| 650 | _aTCA | ||
| 653 | _aMarketing - Perú | ||
| 654 | _aCAN | ||
| 856 |
_uhttps://0u213wpti-y-https-ebooks7--24-com.itmsp.museknowledge.com/biblioteca.aspx _zVéase además: Base de datos Ebook7-24 |
||
| 856 |
_uhttps://0u20fwpu6-y-https-research-ebsco-com.itmsp.museknowledge.com/c/qxo6us/search _zVéase además: Base de datos EBSCOhost |
||
| 856 |
_uhttps://0u20vwpud-y-https-ebookcentral-proquest-com.itmsp.museknowledge.com/lib/catolicasp/home.action _zVéase además: Base de datos ProQuest Ebook Central |
||
| 942 |
_cLIB _dJUS _fMAT _2ddc |
||
| 999 |
_c21600 _d21600 |
||